| 000 | 00601nam a22001937i 4500 | ||
|---|---|---|---|
| 999 |
_c23005 _d23005 |
||
| 003 | AR-CdUCM | ||
| 008 | 240823b20152015 pe||||| |||| 00| 0 spa d | ||
| 020 | _a978-612-46793-7-7 | ||
| 040 |
_aMUNICIPALIDAD PROVINCIAL DEL CUSCO _cBIBLIOTECA MUNICIPAL DEL CUSCO |
||
| 082 |
_a869.57 / G68A _bG68A |
||
| 100 |
_aGonzales Rosales, Daniel _950257 |
||
| 245 | _aAlgunas mentiras y otros cuentos / | ||
| 260 |
_aLima : _bPakarina Ediciones, _c2015 |
||
| 300 |
_a66 páginas. : _c20 cm |
||
| 650 |
_aLiteratura Peruana _950258 |
||
| 650 |
_aNovela _950259 |
||
| 942 |
_2ddc _cLIBROS |
||
| 945 |
_apbj _d2024-08-23 |
||